[Event "ch-SRB"]
[Site "Kragujevac SRB"]
[Date "2010.04.20"]
[Round "3"]
[White "Bogosavljevic,B"]
[Black "Pikula,D"]
[Result "1/2-1/2"]
[WhiteElo "2531"]
[BlackElo "2535"]

1.Nf3 Nf6 2.c4 c5 3.g3 b6 4.Bg2 Bb7 5.O-O e6 6.Nc3 a6 7.d4 cxd4 8.Qxd4 d6
9.Bg5 Nbd7 10.Rfd1 Be7 11.Nd2 Bxg2 12.Kxg2 Rc8 13.Nde4 Rc6 14.Rd2 O-O 15.Rad1 Qc7
16.Qe3 Nxe4 17.Nxe4 f6 18.Bf4 e5 19.Nc3 Bd8 20.Nd5 Qb7 21.Qf3 exf4 22.gxf4 a5
23.b4 axb4 24.Nxb4 Rc7 25.Nd5 Nc5 26.Nxc7 Bxc7 27.Rd5 f5 28.Rc1 Qa8 29.Rc3 Qxa2
30.Qh5 g6 31.Rg3 Kg7 32.Rxf5 Rxf5 33.Qxf5 Qxe2 34.Qc8 Qe4+ 35.Kg1 Qe7 36.Re3 Qd8
37.Qg4 Qf6 38.Qc8 Qd8 39.Qg4 Nd7 40.Qe6 Nf8 41.Qg4 Qf6 42.f5 Bd8 43.fxg6 Qxg6
44.Qg2 Qxg2+ 45.Kxg2 Bf6 46.Kf3 Bd4 47.Rd3 Be5 48.Ke4 Ng6 49.Rb3 Bxh2 50.Rxb6 Kf7
51.c5 dxc5 52.Rc6 Bg1 53.Rxc5 Kg7 54.Rc7+ Kh6 55.f4 Nxf4 56.Rxh7+  1/2-1/2

[Event "ch-SRB w"]
[Site "Pancevo SRB"]
[Date "2010.04.23"]
[Round "4"]
[White "Stojanovic,Andj"]
[Black "Benderac,A"]
[Result "1-0"]
[WhiteElo "2301"]
[BlackElo "2299"]

1.Nf3 e6 2.g3 b6 3.Bg2 Bb7 4.O-O Nf6 5.c4 c5 6.Nc3 a6 7.d4 Qc7 8.d5 exd5
9.Nxd5 Nxd5 10.cxd5 d6 11.b3 Nd7 12.Bb2 O-O-O 13.b4 Rg8 14.bxc5 dxc5 15.e4 Bd6
16.Re1 Rde8 17.Rc1 g5 18.Qb3 g4 19.e5 gxf3 20.exd6 Qxd6 21.Qxf3 f6 22.Qf5 Rxe1+
23.Rxe1 Rg5 24.Qe6 Rxd5 25.Bxd5 Qxd5 26.Qxd5 Bxd5 27.a3 Kc7 28.f4 b5 29.Bc3 Kb6
30.Re7 Bc6 31.Re6 a5 32.Bxa5+ Kxa5 33.Rxc6 b4 34.Rc7 b3 35.Rxd7 c4 36.Rb7 Ka4
37.Ra7+ Kb5 38.Rb7+ Ka4 39.Kf2 Kxa3 40.Ke2 Kb2 41.Rc7 c3 42.Kd3 c2 43.Kd2 f5
44.g4  1-0

[Event "ch-SRB w"]
[Site "Pancevo SRB"]
[Date "2010.04.23"]
[Round "4"]
[White "Tadic,Ka"]
[Black "Miladinovic,L"]
[Result "1/2-1/2"]
[WhiteElo "2152"]
[BlackElo "2038"]

1.Nf3 c5 2.c4 Nf6 3.g3 b6 4.Bg2 Bb7 5.O-O e6 6.Nc3 d6 7.d4 cxd4 8.Qxd4 a6
9.Rd1 Be7 10.Bg5 Nbd7 11.Qd2 O-O 12.Bf4 Ne8 13.Rac1 Rc8 14.b3 h6 15.h4 Qc7
16.Qe3 Qb8 17.Bh3 Rd8 18.Nd5 Bxd5 19.cxd5 e5 20.Bxh6 gxh6 21.Qxh6 Ng7 22.Rc4 f5
23.Ng5 Bxg5 24.hxg5 e4 25.g6 Nf6 26.Kg2 Qb7 27.Rh1 Ngh5 28.Bxf5 Rfe8 29.g4 Re5
30.Be6+ Rxe6 31.dxe6 b5 32.Rcc1 e3+ 33.f3 b4 34.gxh5 Qb5 35.Qxe3 Nd5 36.Qe4 Nf6
37.e7 Qg5+ 38.Qg4 Nxg4 39.exd8=Q+ Qxd8 40.fxg4 Qa8+ 41.Kh3 Qe8 42.Rhf1 Qe3+
43.Kh4 Qe7+ 44.Kh3 Qe3+ 45.Kh4 Qe7+ 46.g5 Qe4+ 47.Kh3 Qe3+ 48.Kh4 Qe4+ 49.Kg3 Qe3+  1/2-1/2

[Event "ch-Commonwealth"]
[Site "Delhi IND"]
[Date "2010.05.12"]
[Round "5"]
[White "Gomes,Mary"]
[Black "Satyapragyan,S"]
[Result "1/2-1/2"]
[WhiteElo "2280"]
[BlackElo "2463"]

1.Nf3 Nf6 2.g3 b6 3.Bg2 Bb7 4.O-O e6 5.c4 c5 6.Nc3 Be7 7.b3 O-O 8.Bb2 d6
9.e3 Nbd7 10.d4 a6 11.Qe2 Re8 12.Rfd1 cxd4 13.Rxd4 Qc7 14.e4 Bf8 15.Rc1 Rac8
16.Rdd1 Qb8 17.h3 Nc5 18.Nd2 Bc6 19.Ba1 Ncd7 20.Nf3 Bb7 21.Re1 Rcd8 22.Rcd1 g6
23.Qd2 Nc5 24.Qf4 Bg7 25.b4 e5 26.Qh4 Ncd7 27.Qg5 Rc8 28.Nd2 Nf8 29.Qe3 Ba8
30.Qd3 Ne6 31.Nb3 Red8 32.Nd5 Qb7 33.f4 a5 34.fxe5 dxe5 35.Bxe5 Nxd5 36.exd5 axb4
37.Bxg7 Nxg7 38.Re2 Qa6 39.Rc2 Nf5 40.c5 Qxd3 41.Rxd3 bxc5 42.Rxc5 Nd6 43.Rd4 Rxc5
44.Nxc5 Nf5 45.Rd3 Rd6 46.g4 Ne7 47.Ne4 Rd8 48.d6 Nc6 49.Rd2 Ne5 50.Nf6+ Kg7
51.g5 h6 52.h4 Bxg2 53.Kxg2 hxg5 54.hxg5 Nd7 55.Nxd7 Rxd7 56.Kf3 Kf8 57.Ke4 Ke8
58.Kd5 Ra7 59.Kc6 Kd8 60.Rf2 Ra6+ 61.Kc5 Ra5+ 62.Kxb4 Rxg5 63.Rxf7 Rd5 64.Rf6 Kd7
65.Rxg6 Rxd6  1/2-1/2

[Event "TCh-UKR Clubs"]
[Site "Alushta UKR"]
[Date "2010.05.17"]
[Round "7"]
[White "Strelnikov,S"]
[Black "Alexeev,Alexe"]
[Result "1/2-1/2"]
[WhiteElo "2409"]
[BlackElo "2277"]

1.Nf3 Nf6 2.c4 e6 3.g3 b6 4.Bg2 Bb7 5.O-O c5 6.Nc3 d6 7.Re1 Nbd7 8.e4 a6
9.d4 cxd4 10.Nxd4 Qc7 11.Be3 Be7 12.Rc1 O-O 13.f4 Rfe8 14.g4 g6 15.Bf3 Nc5
16.Qc2 Bf8 17.g5 Nfd7 18.b4 e5 19.bxc5 exd4 20.Bxd4 bxc5 21.Bf2 Bg7 22.Kg2 f6
23.h4 Rab8 24.Qd3 Nb6 25.Bg3 Rbd8 26.Rc2 Bc8 27.gxf6 Bxf6 28.h5 Qf7 29.hxg6 hxg6
30.Rb1 Nxc4 31.Nd5 Na5 32.Rb6 Bg7 33.Qa3 Nb7 34.Rxa6 Qd7 35.Kg1 Qh3 36.Bg2 Qh5
37.Qf3 Bd4+ 38.Bf2 Bg4 39.Qb3 Be6 40.Rd2 Bxf2+ 41.Rxf2 Bxd5 42.Qxd5+ Qxd5
43.exd5 c4 44.Rc2 Nc5 45.Rc6 Re1+ 46.Kh2 Ra1 47.Rc7 Ra8 48.Rxc4 R1xa2 49.Rc3 Rf8
50.Rg3 Rf6 51.f5 Ne4 52.Rxg6+ Kf8 53.Kh3 Nf2+ 54.Kh4 Rxf5 55.Rxd6 Ra4+ 56.Kg3 Ra3+
57.Kh4 Ra4+ 58.Kg3 Ra3+ 59.Kh4  1/2-1/2

[Event "BSG Pinkster GpA"]
[Site "Bossum NED"]
[Date "2010.05.22"]
[Round "3"]
[White "Reinderman,D"]
[Black "Mulder,BP"]
[Result "1-0"]
[WhiteElo "2608"]
[BlackElo "2212"]

1.c4 c5 2.Nf3 b6 3.g3 Bb7 4.Bg2 Nf6 5.O-O e6 6.Nc3 Be7 7.d4 cxd4 8.Qxd4 d6
9.b3 a6 10.Rd1 Nbd7 11.e4 Qc7 12.Ba3 Nc5 13.e5 dxe5 14.Qxe5 Qxe5 15.Nxe5 Bxg2
16.Kxg2 Rc8 17.Bxc5 Bxc5 18.Na4 Ke7 19.f4 Rhd8 20.Rxd8 Kxd8 21.Nxc5 bxc5
22.Nxf7+ Ke7 23.Ne5 a5 24.Rd1 a4 25.bxa4 Ke8 26.Rb1 Ra8 27.a5 Nd7 28.Nxd7 Kxd7
29.Rb5 Kc6 30.Kf3  1-0

[Event "Municipality Cup"]
[Site "Tbilisi GEO"]
[Date "2010.05.23"]
[Round "9"]
[White "Sulashvili,M"]
[Black "Javakhadze,Z"]
[Result "1-0"]
[WhiteElo "2497"]
[BlackElo "2335"]

1.Nf3 Nf6 2.c4 c5 3.g3 b6 4.Bg2 Bb7 5.O-O e6 6.b3 Be7 7.Bb2 O-O 8.Nc3 d6
9.d4 cxd4 10.Qxd4 a6 11.Rfd1 Nbd7 12.e4 Rc8 13.Ba3 Nc5 14.e5 dxe5 15.Qxd8 Rfxd8
16.Nxe5 Bxg2 17.Kxg2 Rxd1 18.Rxd1 Rd8 19.Rxd8+ Bxd8 20.Bxc5 bxc5 21.Na4 Be7
22.Nc6 Bd6 23.a3 Nd7 24.b4 cxb4 25.axb4 h5 26.Kf3 f5 27.Ke3 g5 28.c5 Bc7
29.Nd4 Kf7 30.b5 Nb8 31.Kd3 Be5 32.Nf3 Kf6 33.Kc4 axb5+ 34.Kxb5 Bc7 35.Nb6 h4
36.Na8 Bd8 37.c6 h3 38.c7 Bxc7 39.Nxc7 g4 40.Nd4 e5 41.Nd5+ Kg5 42.Ne6+ Kg6
43.Nc5 f4 44.Kb6  1-0

[Event "9th TCh-BIH Premier"]
[Site "Bihac BIH"]
[Date "2010.06.09"]
[Round "5"]
[White "Dizdarevic,E"]
[Black "Dimitrijevic,A"]
[Result "1/2-1/2"]
[WhiteElo "2498"]
[BlackElo "2286"]

1.Nf3 Nf6 2.g3 b6 3.Bg2 Bb7 4.c4 e6 5.O-O c5 6.d4 cxd4 7.Qxd4 Be7 8.Nc3 O-O
9.Rd1 Na6 10.Bf4 Rc8 11.Rac1 Nc5 12.Be5 a5 13.Ne1 Bxg2 14.Kxg2 Rc6 15.Nf3 d6
16.Bxf6 Bxf6 17.Qe3 Qa8 18.b3 Rd8 19.Nb5 d5 20.cxd5 exd5 21.Nbd4 Bxd4 22.Nxd4 Re8
23.Qd2 Rf6 24.Qb2 h6 25.Rc3 Qc8 26.Rf3 Rxf3 27.Nxf3 Qf5 28.Rd4 Re4 29.Qd2 Qe6
30.e3 Rxd4 31.Nxd4 Qf6 32.Qc2 g6 33.a3 Ne4 34.f3 Ng5 35.Kf2 Qd6 36.Qc8+ Kg7
37.Qc3 Kg8 38.b4 axb4 39.axb4 Ne6 40.Nc6 b5 41.Ke2 h5 42.f4 Qd7 43.Ne5 Qa7
44.Qc8+ Nf8 45.Qe8 Kg7 46.Kf3 Ne6 47.Qxb5 Qa1 48.Kg2 Qb2+ 49.Kg1 Qb1+ 50.Kg2 Qb2+
51.Kg1 Qb1+  1/2-1/2

[Event "ch-PAR"]
[Site "Asuncion URU"]
[Date "2010.06.12"]
[Round "1"]
[White "Butti,E"]
[Black "Chavez,Ni"]
[Result "1-0"]
[WhiteElo "2080"]
[BlackElo "1761"]

1.Nf3 Nf6 2.c4 e6 3.g3 b6 4.Bg2 Bb7 5.O-O c5 6.Nc3 Be7 7.d4 cxd4 8.Qxd4 Nc6
9.Qf4 O-O 10.Rd1 a6 11.b3 Rc8 12.Bb2 Qc7 13.Qd2 Rfd8 14.Rac1 d5 15.cxd5 Nxd5
16.Nxd5 Rxd5 17.Nd4 Rc5 18.Bxc6 Bxc6 19.Ba3 Rxc1 20.Rxc1 Bxa3 21.Rxc6 Qb7
22.Qc3 Rxc6 23.Nxc6 Bc5 24.Qf3 f6 25.h4 Qd7 26.Kg2 Kf7 27.Ne5+  1-0

[Event "4th Open"]
[Site "Varna BUL"]
[Date "2010.06.16"]
[Round "5"]
[White "Musayev,Eldar"]
[Black "Dimitrov,R"]
[Result "1-0"]
[WhiteElo "2195"]
[BlackElo "2393"]

1.Nf3 Nf6 2.c4 b6 3.g3 c5 4.Bg2 Bb7 5.O-O e6 6.Nc3 Be7 7.d4 cxd4 8.Nb5 a6
9.Nbxd4 O-O 10.b3 Qc7 11.Bb2 d6 12.Rc1 Nbd7 13.Qc2 h6 14.Rfd1 Rac8 15.Bh3 Ne5
16.Nxe5 dxe5 17.Nf3 e4 18.Ne5 Rfd8 19.e3 Rxd1+ 20.Rxd1 b5 21.Qe2 Bd6 22.Ng4 Nxg4
23.Qxg4 Be5 24.Bxe5 Qxe5 25.Bf1 Bc6 26.Rd4 Qc7 27.Qd1 b4 28.Rd6 Kf8 29.Qd4 a5
30.c5 Bd5 31.Ba6 Rd8 32.Rxd8+ Qxd8 33.c6 Qd6 34.Bb5 Qc7 35.Qc5+ Kg8 36.Ba4 f6
37.Qb5 Kf7 38.Qc5 g5 39.Qb5 f5 40.Qa6 Ke7 41.Qa8 Kd6 42.Qf8+ Qe7 43.Qxh6 Bxc6
44.Bxc6 Kxc6 45.h4 gxh4 46.gxh4 Qd6 47.Kg2 Kd7 48.Qg7+ Qe7 49.Qh8 Qe8 50.Qh7+ Qe7
51.Qh6 Qd6 52.h5 Qd1 53.Qg7+ Kc6 54.h6 Qf3+ 55.Kg1 Qd1+ 56.Kh2 Qh5+ 57.Kg3 f4+
58.Kxf4 Qf5+ 59.Kg3 Qf3+ 60.Kh4 Qxf2+ 61.Kh5 Qxe3 62.h7 Qh3+ 63.Kg5 Qf5+
64.Kh4 Qf4+ 65.Qg4 Qh2+ 66.Qh3 Qe5 67.Qg3 Qd4 68.Qf4 Qg7 69.Qxe4+ Kd6 70.Qf4+ Kd7
71.Qd2+ Ke8 72.Qd3 Qh6+ 73.Kg4 Ke7 74.Qe4 Qg7+ 75.Kh5 Qf7+ 76.Kg4 Qg7+ 77.Kf4 Qh6+
78.Kg4 Qg7+ 79.Kh5 Qf7+ 80.Kh6 Qf6+ 81.Kh5 Qf7+ 82.Qg6 Qf3+ 83.Kh6 Qh3+ 84.Qh5 Qc3
85.Qg5+ Kf8 86.Qg8+ Ke7 87.Qg7+ Ke8  1-0

[Event "ch-SWE Mastarklassen"]
[Site "Lund SWE"]
[Date "2010.07.04"]
[Round "2"]
[White "Lauritzson,P"]
[Black "Astrom,G"]
[Result "0-1"]
[WhiteElo "2109"]
[BlackElo "2267"]

1.Nf3 c5 2.c4 Nf6 3.g3 b6 4.Bg2 Bb7 5.O-O e6 6.Nc3 Be7 7.b3 d6 8.Bb2 O-O
9.e3 Nbd7 10.d4 Ne4 11.d5 Nxc3 12.Bxc3 exd5 13.Nh4 Bxh4 14.gxh4 Qxh4 15.Bxd5 Bxd5
16.Qxd5 Nf6 17.Qg2 Rad8 18.Rad1 Rfe8 19.Kh1 Re6 20.Rg1 g6 21.Ba1 Qe4 22.Qxe4 Nxe4
23.Kg2 f5 24.f3 Nf6 25.Kf2 Kf7 26.Rd3 Ke7 27.Rgd1 Nd7 28.Rd5 a6 29.a4 Rb8
30.Bg7 b5 31.axb5 axb5 32.Bh6 bxc4 33.bxc4 Rb2+ 34.Kg3 Nf6 35.R5d2 Rxd2 36.Rxd2 Kd7
37.Ra2 Kc6 38.Bg5 Nd7 39.Kf4 Nb6 40.Rc2 d5 41.cxd5+ Nxd5+ 42.Kg3 Nxe3 43.Re2 f4+
44.Bxf4 Nf5+ 45.Kf2 Rxe2+ 46.Kxe2 Kd5 47.Bc1 Kc4 48.Ba3 Nd4+ 49.Kf2 Nc2 50.Bc1 Kd3
51.Kg3 Nd4 52.Kf4 Ne2+  0-1

[Event "IsBank TCh-TUR"]
[Site "Konya TUR"]
[Date "2010.07.07"]
[Round "12"]
[White "Goksel,D"]
[Black "Erdogan,H"]
[Result "1-0"]
[WhiteElo "2253"]
[BlackElo "2271"]

1.Nf3 c5 2.c4 Nf6 3.g3 b6 4.Bg2 Bb7 5.O-O e6 6.b3 Be7 7.Bb2 O-O 8.Nc3 d6
9.d4 Ne4 10.Qc2 Nxc3 11.Bxc3 f5 12.Rad1 Be4 13.Qb2 Bf6 14.dxc5 bxc5 15.Rd2 a5
16.Rfd1 Ra6 17.Bxf6 Rxf6 18.Qe5 d5 19.cxd5 exd5 20.Ng5 Bxg2 21.Kxg2 Rf8 22.h4 Rd6
23.Rxd5 Rxd5 24.Qe6+ Kh8 25.Rxd5 Qc7 26.Rxf5 Qc8 27.Nf7+ Kg8 28.Nh6+ Kh8
29.Qg8+  1-0

[Event "9th Open"]
[Site "La Fere FRA"]
[Date "2010.07.09"]
[Round "8"]
[White "Romanov,E"]
[Black "Forthofer,R"]
[Result "1-0"]
[WhiteElo "2590"]
[BlackElo "2303"]

1.Nf3 e6 2.g3 b6 3.Bg2 Bb7 4.c4 Nf6 5.O-O c5 6.Nc3 Be7 7.Re1 d6 8.e4 Nc6
9.d4 cxd4 10.Nxd4 Nxd4 11.Qxd4 O-O 12.b3 Rc8 13.Ba3 Qd7 14.Nb5 e5 15.Qd2 a6
16.Nxd6 Rfd8 17.Rad1 Rc6 18.Nxb7 Qxd2 19.Nxd8 Qxa2 20.Bxe7 Rc7 21.Nc6 h6
22.Rd8+ Kh7 23.Bxf6 gxf6 24.Nb4 Qxb3 25.Nd5 Rxc4 26.Bh3 Rd4 27.Rd6 Kg7 28.Rxb6 Qf3
29.Rxf6 Qh5 30.Kg2 a5 31.Rf3 a4 32.Bd7 Qg6 33.Ne7 Qb6 34.Nf5+ Kg8 35.Nxd4 Qxd4
36.Be8  1-0

[Event "Corporation Centre Cup"]
[Site "Izhevsk RUS"]
[Date "2010.07.17"]
[Round "3"]
[White "Sabaev,E"]
[Black "Nelyubin,G"]
[Result "1/2-1/2"]
[WhiteElo "2256"]
[BlackElo "2067"]

1.Nf3 Nf6 2.c4 c5 3.g3 b6 4.Bg2 Bb7 5.O-O e6 6.b3 d6 7.Bb2 Nbd7 8.Nc3 a6
9.d4 cxd4 10.Qxd4 Qc7 11.Rad1 Be7 12.Ng5 Bxg2 13.Kxg2 O-O 14.f3 Rad8 15.Rd2 h6
16.Nge4 Ne8 17.Qe3 Nc5 18.Rfd1 Qc6 19.Nxc5 bxc5 20.Qe4 Qc7 21.f4 Nf6 22.Qf3 Rd7
23.e3 Rfd8 24.e4 Bf8 25.h3 Qb8 26.g4 g6 27.Na4 Bg7 28.Bxf6 Bxf6 29.Nxc5 Ra7
30.Nd3 a5 31.c5 dxc5 32.Nxc5 Rxd2+ 33.Rxd2 Qc8 34.e5 Be7 35.Ne4 Qc1 36.Qc3 Qb1
37.Qc2 Qe1 38.Re2 Qb4 39.Qc4 Kg7 40.Qxb4 Bxb4 41.Rc2 Rd7 42.Nd6 Rd8 43.Rc6 g5
44.f5 Bxd6 45.Rxd6 Rc8 46.f6+ Kg6 47.Rd2 Rc5 48.Re2 Rc3 49.Kh2 h5 50.Kg2 h4
51.Kh2 Rg3 52.Rc2 Re3 53.Rc5 Re2+ 54.Kg1 Rxa2 55.Rc8 Re2 56.Rg8+ Kh6 57.Rh8+ Kg6
58.Rg8+ Kh6 59.Rh8+ Kg6  1/2-1/2

[Event "Open A"]
[Site "Oberwart AUT"]
[Date "2010.07.17"]
[Round "5"]
[White "Kessler,L"]
[Black "Pergel,L"]
[Result "1/2-1/2"]
[WhiteElo "2097"]
[BlackElo "2277"]

1.Nf3 c5 2.c4 b6 3.g3 Bb7 4.Bg2 Nf6 5.O-O e6 6.Nc3 Be7 7.Re1 d6 8.e4 Qc7
9.d4 cxd4 10.Nxd4 a6 11.Be3 Nbd7 12.f4 h5 13.h3 g6 14.Rc1 Rc8 15.b3 Qb8 16.Bf2 Qa8
17.Qe2 Kf8 18.Bf3 h4 19.g4 e5 20.fxe5 Nxe5 21.Nd5 Bd8 22.Bg2 Kg7 23.Nf3 Nfd7
24.Bd4 b5 25.cxb5 Bxd5 26.Rxc8 Qxc8 27.exd5 Bf6 28.Bxe5 Nxe5 29.Nxe5 Bxe5
30.bxa6 Qc3 31.Rf1 Qg3 32.Rd1 Re8 33.Qf3 Bd4+ 34.Kh1 Re1+ 35.Rxe1 Qxe1+ 36.Bf1 Qd2
37.a4 Bc5 38.Bg2 Qe1+ 39.Qf1 Qc3 40.Qb1 Qb4  1/2-1/2

[Event "XIV Battle Of Senta"]
[Site "Senta SRB"]
[Date "2010.07.17"]
[Round "1"]
[White "Srebrnic,V"]
[Black "Simantsev,M"]
[Result "0-1"]
[WhiteElo "2201"]
[BlackElo "2539"]

1.Nf3 c5 2.c4 Nf6 3.g3 b6 4.Bg2 Bb7 5.O-O e6 6.Nc3 Be7 7.b3 d6 8.Bb2 O-O
9.e3 Nbd7 10.Qe2 Qc7 11.Ne1 a6 12.f4 Rad8 13.f5 d5 14.d3 Ne5 15.Rd1 Rfe8
16.fxe6 fxe6 17.Nf3 Nf7 18.Rd2 Bc6 19.Nd1 b5 20.Nf2 e5 21.cxd5 Bxd5 22.Nh4 Bxg2
23.Nxg2 Qd7 24.Rfd1 Qe6 25.e4 Rd7 26.Ne3 Red8 27.Bc3 h5 28.Kg2 g6 29.Rc2 Bf8
30.Ba5 Rb8 31.Bd2 Rbd8 32.Ba5 Rc8 33.Bd2 Nd8 34.Nh3 Qd6 35.Nf2 Ne6 36.Bc3 Bh6
37.Nf1 Rf7 38.Nd2 Rcf8 39.Rf1 Kh7 40.Rcc1 Ng5 41.h4 Ne6 42.Ba1 Qc7 43.Nf3 Nd7
44.Nh3 Qd6 45.Nfg1 Kg7 46.Rxf7+ Rxf7 47.Rf1 Rxf1 48.Kxf1 Nd4 49.Bxd4 exd4
50.Kg2 c4 51.bxc4 bxc4 52.Nf3 c3 53.Nhg5 Ne5 54.Nxe5 Qxe5 55.Nf3 Qc5 56.Ne1 Qa3
57.Kf1 Bd2 58.Nc2 Qxa2 59.Qd1 Be3 60.Ke2 a5 61.Kf3 Qf7+ 62.Kg2 Qf2+ 63.Kh3 Qg1
64.Qf3 Qf2 65.Qd1 Qf6 66.Qb1 a4 67.Qb7+ Kh6 68.Qb8 Qf1+  0-1

[Event "Aegean Open"]
[Site "Agios Kirykos GRE"]
[Date "2010.07.18"]
[Round "6"]
[White "Tsiotridis,P"]
[Black "Koukoufikis,G"]
[Result "1-0"]
[WhiteElo "2013"]
[BlackElo "2178"]

1.Nf3 Nf6 2.c4 e6 3.g3 b6 4.Bg2 Bb7 5.O-O c5 6.Nc3 Nc6 7.d4 cxd4 8.Nxd4 a6
9.e4 Qc7 10.Re1 d6 11.b3 Be7 12.Bb2 O-O 13.Rc1 Rfd8 14.Nd5 exd5 15.cxd5 b5
16.Nxc6 Bxc6 17.Rxc6 Qa5 18.a3 Rdc8 19.b4 Qd8 20.Qd4 Bf8 21.Rec1 Nd7 22.f4 Rxc6
23.dxc6 Nf6 24.c7  1-0

[Event "Sparkassen Open A"]
[Site "Dortmund GER"]
[Date "2010.07.21"]
[Round "5"]
[White "Neuer,T"]
[Black "Mazarov,J"]
[Result "1/2-1/2"]
[WhiteElo "2090"]
[BlackElo "2167"]

1.Nf3 c5 2.g3 b6 3.Bg2 Bb7 4.O-O Nf6 5.c4 e6 6.Nc3 Be7 7.d4 cxd4 8.Qxd4 Nc6
9.Qd2 a6 10.b3 O-O 11.Bb2 Qc7 12.Rac1 Rac8 13.Rfd1 Rfd8 14.Nd4 Nxd4 15.Qxd4 Bxg2
16.Kxg2 Qb7+ 17.e4 b5 18.cxb5 axb5 19.f3 d5 20.exd5 b4 21.Ne4 exd5 22.Nc5 Qb5
23.Na4 Rxc1 24.Rxc1 Ne8 25.Qb6 Qd7  1/2-1/2

[Event "3rd Open"]
[Site "Paleochora GRE"]
[Date "2010.07.22"]
[Round "1"]
[White "Filip,L"]
[Black "Papadopoulos,Geo4"]
[Result "1-0"]
[WhiteElo "2470"]
[BlackElo "1574"]

1.Nf3 Nf6 2.c4 e6 3.g3 b6 4.Bg2 Bb7 5.O-O c5 6.Nc3 Be7 7.Re1 O-O 8.e4 d6
9.d4 cxd4 10.Nxd4 Qc7 11.Be3 a6 12.Rc1 Nbd7 13.f4 Rac8 14.f5 Ne5 15.fxe6 Nxc4
16.Nd5 Nxd5 17.exd5 Qb8 18.Bf2 f5 19.Nc6 Bxc6 20.Rxc4 Bb5 21.Rb4 Rc4 22.Rxc4 Bxc4
23.Qd4 Rc8 24.b3 Bb5 25.Qxb6 Qxb6 26.Bxb6 Rc2 27.Bf1 Rxa2 28.Rc1 g6 29.Bxb5 axb5
30.Bd4 Ra8 31.Rc7 Kf8 32.Rb7 Rc8 33.Rxb5 Bd8 34.h4 Rc1+ 35.Kf2 Rc2+ 36.Kf3 Rd2
37.Be3 Rc2 38.Rb8 Ke7 39.Bg5+  1-0

[Event "Sparkassen Open A"]
[Site "Dortmund GER"]
[Date "2010.07.23"]
[Round "7"]
[White "Neuer,T"]
[Black "Steinmetzer,T"]
[Result "1/2-1/2"]
[WhiteElo "2090"]
[BlackElo "2114"]

1.Nf3 Nf6 2.g3 b6 3.Bg2 Bb7 4.O-O c5 5.c4 e6 6.Nc3 Be7 7.d4 Ne4 8.Qc2 Nxc3
9.Qxc3 Bf6 10.Qd3 cxd4 11.Nxd4 Bxg2 12.Kxg2 a6 13.e4 Nc6 14.Be3 Qc7 15.b3 O-O
16.Rad1 Rfd8 17.Rd2 Ne5 18.Qe2 d5 19.f4 Nc6 20.cxd5 Bxd4 21.Bxd4 exd5 22.exd5 Rxd5
23.Bb2 Qe7 24.Rc1 Rad8 25.Rcc2  1/2-1/2

[Event "FSIMB August"]
[Site "Budapest HUN"]
[Date "2010.08.09"]
[Round "3"]
[White "Maryasin,B"]
[Black "Omarsson,D"]
[Result "1-0"]
[WhiteElo "2339"]
[BlackElo "2150"]

1.Nf3 Nf6 2.c4 c5 3.g3 b6 4.Bg2 Bb7 5.O-O e6 6.Nc3 Be7 7.d4 cxd4 8.Qxd4 d6
9.b3 Nbd7 10.Bb2 a6 11.Rfd1 O-O 12.Rac1 Qc7 13.h3 Rac8 14.g4 h6 15.Qe3 Rfe8
16.g5 hxg5 17.Qxg5 Qc5 18.Qxc5 Nxc5 19.Nd4 Bxg2 20.Kxg2 Rc7 21.b4 Ncd7 22.b5 Rxc4
23.bxa6 Ra8 24.Ncb5 Rxc1 25.Rxc1 Rxa6 26.Rc8+ Bf8 27.a3 d5 28.Nc6 Ra4 29.Rd8 e5
30.Nxe5 Nxe5 31.Bxe5 Ne4 32.Nc3  1-0

[Event "Negroponte Open"]
[Site "Chalkis GRE"]
[Date "2010.08.12"]
[Round "4"]
[White "Kourousis,E"]
[Black "Pap,M"]
[Result "0-1"]
[WhiteElo "2229"]
[BlackElo "2509"]

1.Nf3 c5 2.c4 Nf6 3.g3 b6 4.Bg2 Bb7 5.O-O e6 6.Nc3 a6 7.Re1 Be7 8.e4 d6 9.d4 cxd4
10.Nxd4 Qc7 11.Be3 Nbd7 12.Rc1 Rc8 13.f4 Qb8 14.Qe2 O-O 15.Bf2 h5 16.h3 Rfe8
17.e5 dxe5 18.fxe5 Nh7 19.Bxb7 Qxb7 20.Qxh5 Ng5 21.b3 Rc5 22.h4 Nh3+ 23.Kh2 Nxf2
24.Nxe6 Rxe5 25.Rxe5 Nxe5  0-1

[Event "XI Miquel Mas Open"]
[Site "Figueres ESP"]
[Date "2010.08.13"]
[Round "3"]
[White "Spielmann,Al"]
[Black "Lazaro Porta,A"]
[Result "1-0"]
[WhiteElo "2286"]
[BlackElo "1974"]

1.Nf3 Nf6 2.c4 b6 3.g3 e6 4.Bg2 Bb7 5.O-O c5 6.Nc3 Be7 7.Re1 O-O 8.e4 d6
9.d4 cxd4 10.Nxd4 Qc8 11.Be3 Rd8 12.Rc1 Nc6 13.Nd5 Rd7 14.Nxc6 Bxc6 15.Nxe7+ Rxe7
16.Bg5 Rd7 17.Bxf6 gxf6 18.Qh5 Qf8 19.Rc2 Rad8 20.Rd2 Qg7 21.Red1 Qg6 22.Qe2 Qg5
23.h4 Qe5 24.Kh2 Kh8 25.Rd4 Qc5 26.Qf3 f5 27.Qe2 f4 28.Bh3  1-0

[Event "Pan-Armenian Olym"]
[Site "Yerevan ARM"]
[Date "2010.08.16"]
[Round "2"]
[White "Mirumian,V"]
[Black "Pogosian,M"]
[Result "1-0"]
[WhiteElo "2504"]
[BlackElo "2364"]

1.Nf3 Nf6 2.g3 b6 3.Bg2 Bb7 4.c4 c5 5.O-O e6 6.Nc3 Be7 7.Re1 O-O 8.e4 d6
9.d4 cxd4 10.Nxd4 Qc8 11.b3 a6 12.Bb2 Nbd7 13.Rc1 Qc7 14.h3 Rad8 15.f4 Rfe8
16.g4 g6 17.Nde2 Nc5 18.b4 Ncd7 19.Ng3 h6 20.Nce2 e5 21.Qb3 b5 22.cxb5 Qb6+
23.Kh1 axb5 24.Rf1 Rf8 25.g5 hxg5 26.fxg5 Nh7 27.h4 Kg7 28.Nf4 Bxg5 29.Nfh5+ gxh5
30.hxg5 Nxg5 31.Rf5 f6 32.Rcf1 h4 33.Nh5+ Kg6 34.Bc1 Nxe4 35.Qe6 Ng3+ 36.Nxg3 Bxg2+
37.Kxg2 Qb7+ 38.Kh3 Kg7 39.Nh5+ Kh8 40.Nxf6 Nxf6 41.Rxf6  1-0

[Event "TCh-SRB 1st League"]
[Site "Vrnjacka Banja SRB"]
[Date "2010.08.28"]
[Round "8"]
[White "Martinovic,Sl"]
[Black "Pap,M"]
[Result "1-0"]
[WhiteElo "2425"]
[BlackElo "2509"]

1.Nf3 c5 2.c4 Nf6 3.g3 b6 4.Bg2 Bb7 5.O-O e6 6.b3 d6 7.Bb2 Be7 8.Nc3 a6 9.d4 cxd4
10.Nxd4 Bxg2 11.Kxg2 O-O 12.e3 Ra7 13.f4 Qc8 14.Qf3 Rc7 15.Rac1 Re8 16.g4 Nc6
17.Nxc6 Rxc6 18.g5 Nd7 19.h4 Qb7 20.Ne2 Nc5 21.e4 Rc7 22.Ng3 Bf8 23.Rfd1 b5
24.e5 bxc4 25.exd6 Rd7 26.Rxc4 Rxd6 27.Rxd6 Bxd6 28.Nh5 Qxf3+ 29.Kxf3 f6
30.Bxf6 gxf6 31.Nxf6+ Kf7 32.Nxe8 Kxe8 33.b4 Nd7 34.Rc6 Ke7 35.a3 Nb8 36.Rc8 Nd7
37.Ra8 Nb6 38.Rxa6 Nd5 39.Ra7+ Kf8 40.f5 exf5 41.Rd7 Bxb4 42.axb4 Nxb4 43.Rxh7 Nd5
44.h5 Kg8 45.Rd7 Nb6 46.Rd4 Kf7 47.Kf4 Ke7 48.Kxf5 Nc8 49.h6 Ke8 50.Ke6 Ne7
51.Ra4 Nc8 52.h7  1-0

[Event "TCh-SRB 1st League"]
[Site "Vrnjacka Banja SRB"]
[Date "2010.08.29"]
[Round "9"]
[White "Bogosavljevic,B"]
[Black "Popov,Si1"]
[Result "1-0"]
[WhiteElo "2551"]
[BlackElo "2455"]

1.Nf3 Nf6 2.c4 c5 3.g3 b6 4.Bg2 Bb7 5.O-O e6 6.Nc3 a6 7.Re1 d6 8.e4 Nbd7
9.d4 cxd4 10.Nxd4 Qc7 11.Be3 Be7 12.f4 O-O 13.Rc1 Rfe8 14.g4 Nc5 15.Bf2 h6
16.b4 Ncd7 17.g5 hxg5 18.fxg5 Nh7 19.g6 Nhf8 20.gxf7+ Kxf7 21.Nd5 exd5 22.cxd5 Qd8
23.e5 Nxe5 24.Nc6 Bxc6 25.dxc6 Qc8 26.Bd5+ Ne6 27.Qh5+ Kg8 28.Kh1 Bf6 29.Bxb6 Rb8
30.c7 Ra8 31.Re4 Kf8 32.Rf1 Nxc7 33.Rxf6+ gxf6 34.Qh8+ Ke7 35.Qg7+ Kd8 36.Bc6 Qb8  1-0

[Event "7th LGA Premium Cup"]
[Site "Nuremberg GER"]
[Date "2010.09.05"]
[Round "6"]
[White "Pribyl,Jo"]
[Black "Baramidze,D"]
[Result "0-1"]
[WhiteElo "2342"]
[BlackElo "2542"]

1.c4 e6 2.Nf3 Nf6 3.g3 b6 4.Bg2 Bb7 5.O-O c5 6.b3 g6 7.Bb2 Bg7 8.Nc3 O-O
9.d4 d6 10.Qd2 Qe7 11.Rfd1 Rd8 12.d5 exd5 13.Nxd5 Bxd5 14.cxd5 Re8 15.Re1 Ne4
16.Qc1 Bxb2 17.Qxb2 Nd7 18.Nd2 Qf6 19.Qxf6 Ndxf6 20.Nxe4 Nxe4 21.Rac1 f5
22.e3 b5 23.Rc2 a5 24.a3 a4 25.Rb1 axb3 26.Rxb3 Reb8 27.Rcb2 c4 28.Rxb5 Rxb5
29.Rxb5 Nc5 30.Rb2 Rxa3 31.Bf1 c3 32.Rc2 Kf7 33.f3 Rb3 34.Rc1 Na4 35.Bd3 Nb6
36.e4 Kf6 37.exf5 gxf5 38.Re1 Nd7 39.Re6+ Kf7 40.Bxf5 Ne5 41.f4 Nf3+ 42.Kf2 Nd4
43.Bxh7 Rb2+ 44.Ke3 Nxe6 45.dxe6+ Kf6 46.g4 Rxh2 47.g5+ Kxe6  0-1

[Event "e2e4 Open"]
[Site "Sunningdale ENG"]
[Date "2010.09.10"]
[Round "1"]
[White "Heaton,P"]
[Black "Croad,N"]
[Result "0-1"]
[WhiteElo "2028"]
[BlackElo "2290"]

1.c4 c5 2.Nf3 b6 3.g3 Bb7 4.Bg2 Nf6 5.O-O e6 6.b3 Be7 7.Bb2 O-O 8.d4 cxd4
9.Nxd4 Bxg2 10.Kxg2 Qc7 11.Nc3 a6 12.Rc1 d6 13.Qc2 Nbd7 14.Rfd1 Rac8 15.Nf3 Qb7
16.Kg1 Nc5 17.Rd4 b5 18.Rh4 h6 19.b4 Ncd7 20.cxb5 axb5 21.Qd3 d5 22.a3 Ne4
23.Rh3 Bf6 24.Qe3 Nd6 25.Nd1 Nc4 26.Qb3 Nxb2 27.Rxc8 Qxc8 28.Nxb2 Qc1+ 29.Nd1 Ra8
30.Qd3 Rxa3 31.Qxb5 Qxd1+ 32.Kg2 Ra1 33.Rh5 Qf1+  0-1

[Event "EYCC Boys U18"]
[Site "Batumi GEO"]
[Date "2010.09.20"]
[Round "1"]
[White "Bregadze,L"]
[Black "Tamazyan,H"]
[Result "0-1"]
[WhiteElo "2415"]
[BlackElo "2151"]

1.Nf3 Nf6 2.c4 e6 3.g3 b6 4.Bg2 Bb7 5.O-O c5 6.Nc3 Be7 7.Re1 d5 8.cxd5 Nxd5
9.e4 Nb4 10.d4 cxd4 11.Nxd4 N8c6 12.Nxc6 Bxc6 13.Qg4 h5 14.Qe2 Qd3 15.Rd1 Qxe2
16.Nxe2 Bf6 17.Bf4 Bxb2 18.Rab1 Ba4 19.Rd4 Bxd4 20.Rxb4 Bxf2+ 21.Kxf2 Bc6
22.Nd4 Bb7 23.Nb5 O-O 24.Nd6 Rab8 25.Rc4 Ba8 26.Rc7 a5 27.a4 Rbd8 28.e5 f6
29.Kg1 g5 30.Bxa8 gxf4 31.Bc6 fxe5 32.Bd7 Kh8 33.Nb7 Rb8 34.Bxe6 Rbe8 35.Bd5 Rc8
36.Re7 f3 37.Bf7 Rc6 38.Re8 Rxe8 39.Bxe8 Rc1+ 40.Kf2 e4 41.Bb5 Rd1 42.Ke3 Kg7
43.h3 Kf6 44.g4 hxg4 45.hxg4 Kg5 46.Kxe4 f2 47.Ke5 f1=Q 48.Bxf1 Rxf1 49.Kd5 Rf4
50.Kc6 Rxa4  0-1